Tratado de Química-Física / (Record no. 72573)

MARC details
000 -LEADER
campo de control de longitud fija 00679nam a2200217 i 4500
001 - NÚMERO DE CONTROL
campo de control 72573
003 - IDENTIFICADOR DE NÚMERO DE CONTROL
campo de control ES-MaACL
005 - FECHA Y HORA DE LA ÚLTIMA TRANSACCIÓN
campo de control 20250815085326.0
007 - CAMPO FIJO DE DESCRIPCIÓN FÍSICA--INFORMACIÓN GENERAL
campo de control de longitud fija t|
008 - DATOS DE LONGITUD FIJA--INFORMACIÓN GENERAL
campo de control de longitud fija 040901s1976 sp ||||1| spa d
100 1# - ENTRADA PRINCIPAL--NOMBRE DE PERSONA
Nombre de persona Glasstone, Samuel.
9 (RLIN) 57413
245 10 - MENCIÓN DEL TÍTULO
Título Tratado de Química-Física /
Mención de responsabilidad, etc. Samuel Glasstone ; traducido por Juan Sancho Gómez.
250 ## - MENCION DE EDICION
Mención de edición [7ª ed.].
260 ## - PUBLICACIÓN, DISTRIBUCIÓN, ETC.
Lugar de publicación, distribución, etc. Madrid :
Nombre del editor, distribuidor, etc. Aguilar,
Fecha de publicación, distribución, etc. [1976] (
Fabricante Rivadeneyra)
300 ## - DESCRIPCIÓN FÍSICA
Extensión XXIII, 1180 p. :
Otras características físicas il. ;
Dimensiones 24 cm.
490 1# - MENCIÓN DE SERIE
Mención de serie Ciencia y técnica
700 1# - ENTRADA AGREGADA--NOMBRE PERSONAL
Nombre de persona Sancho Gómez, Juan.
9 (RLIN) 103040
830 00 - PUNTO DE ACCESO ADICIONAL DE SERIE-TÍTULO UNIFORME
Título uniforme Ciencia y técnica
9 (RLIN) 177702
852 ## - LOCALIZACIÓN
Ubicación ES-MaACL
Número de control de estantería A-5982
Sublocalización o colección R.94998
Holdings
Estatus retirado Estado de pérdida Estado de daño No para préstamo Biblioteca de origen Biblioteca actual Ubicación en estantería Fecha de adquisición Fuente de adquisición Total de préstamos Signatura topográfica completa Código de barras Visto por última vez Precio de reemplazo Tipo de ítem Koha
        Biblioteca del Ateneo de Madrid Biblioteca del Ateneo de Madrid Sala Pecera Planta 1 17/01/2008     A-5982 1075974 23/02/2023 23/02/2023 Libro impreso